Winners, losers and the institutional effects of privatization in the Czech and Slovak Republics

Guardado en:
Detalles Bibliográficos
Autor principal: Gould, John
Formato: Libro
Lenguaje:inglés
Publicado: San Domenico (FI) European University Institute 1999
Colección:EUI Working paper RSC No. 99/11
Materias:
Etiquetas: Agregar Etiqueta
Sin Etiquetas, Sea el primero en etiquetar este registro!

MARC

LEADER 00000nam a2200000 4500
001 c132311
005 20221108123439.7
041 0 |a eng 
044 |a IT 
245 1 0 |a Winners, losers and the institutional effects of privatization in the Czech and Slovak Republics  |c John Gould 
264 1 |a San Domenico (FI)  |b European University Institute  |c 1999 
300 |a 65 s. 
490 1 |a EUI Working paper RSC  |v No. 99/11 
830 0 |a EUI Working paper RSC  |v No. 99/11 
610 2 0 |a privatizácia 
610 2 0 |a reformy hospodárske 
610 2 0 |a obdobie prechodné 
610 2 0 |a Česko 
610 2 0 |a Slovensko 
100 1 |a Gould, John